Cuentos / (Record no. 189429)

MARC details
000 -LEADER
campo de control de longitud fija 01055nam a2200229 i 4500
001 - NÚMERO DE CONTROL
campo de control 189429
003 - IDENTIFICADOR DE NÚMERO DE CONTROL
campo de control SpMaBN
005 - FECHA Y HORA DE LA ÚLTIMA TRANSACCIÓN
campo de control 20250829025821.0
008 - DATOS DE LONGITUD FIJA--INFORMACIÓN GENERAL
campo de control de longitud fija 190531s1991 sp |||| |dspa d
020 ## - NÚMERO INTERNACIONAL ESTÁNDAR DEL LIBRO
Número Internacional Estándar del Libro 84-7969-019-4
080 ## - NÚMERO DE LA CLASIFICACIÓN DECIMAL UNIVERSAL
Número de la Clasificación Decimal Universal 820(73)-32"19"
100 1# - ENTRADA PRINCIPAL--NOMBRE DE PERSONA
Nombre de persona London, Jack,
Fechas asociadas al nombre 1876-1916
9 (RLIN) 73218
245 10 - MENCIÓN DEL TÍTULO
Título Cuentos /
Mención de responsabilidad, etc. Jack London ; [traductor, Fernando Santos Fontela].
260 ## - PUBLICACIÓN, DISTRIBUCIÓN, ETC.
Lugar de publicación, distribución, etc. [Madrid] :
Nombre del editor, distribuidor, etc. Compañía Europea de Comunicación e Información,
Fecha de publicación, distribución, etc. [1991]
300 ## - DESCRIPCIÓN FÍSICA
Extensión 94 p. ;
Dimensiones 19 cm.
490 1# - MENCIÓN DE SERIE
Mención de serie Biblioteca de "El Sol" ;
Designación de volumen o secuencia 6
505 8# - NOTA DE CONTENIDO CON FORMATO
Nota de contenido con formato Contiene: Siete cuentos de la patrulla pesquera: Blanco y amarillo ;
Título El rey de los griegos ;
-- Incursión contra los ostreros furtivos ;
-- El asedio del "Reina de Lancashire" ;
-- El "golpe" de Charley ;
-- Demetrios Contos ;
-- Pañuelo amarillo - Otros relatos: El furtivo perdido ;
-- Chris Farrington, marinero de primera
700 1# - ENTRADA AGREGADA--NOMBRE PERSONAL
Nombre de persona Santos Fontenla, Fernando.
9 (RLIN) 103502
830 0# - PUNTO DE ACCESO ADICIONAL DE SERIE-TÍTULO UNIFORME
Título uniforme Biblioteca de "El Sol" ;
Designación de volumen o secuencia 6
9 (RLIN) 191755
852 ## - LOCALIZACIÓN
Ubicación ES-MaACL
Número de control de estantería L-32425
Holdings
Estatus retirado Estado de pérdida Estado de daño No para préstamo Biblioteca de origen Biblioteca actual Ubicación en estantería Fecha de adquisición Fuente de adquisición Total de préstamos Signatura topográfica completa Código de barras Visto por última vez Precio de reemplazo Tipo de ítem Koha
        Biblioteca del Ateneo de Madrid Biblioteca del Ateneo de Madrid Depósito 2 31/05/2019     L-32425 1200704 23/02/2023 23/02/2023 Libro impreso